00840nam a22002537a 45000010005000000030006000050050017000110080041000280200018000690400029000870500016001160820010001321000023001422450079001652600040002443000058002845050008003425200095003505210029004455210020004746500033004946500028005277000031005557467FISKH20250717155443.0250717b cb ||||| |||| 00| 0 eng d a9780689847127 aFISKHbengcFISKHdFISKH aPZ8.B3199 T a813.6 aBauer, Marion Dane aToes, ears , & nose ! / cBy Marion Dane Bauer : Illustrated by Karen Katz aNew York : bLittle Simon , c2003. a16 unnumbered pages : bcolor illustrations ;c19 cm. aF  aEngages readers to lift the flaps to see which body parts are hiding underneath clothing. 8 a300 bLexile estimate 8 aF bRaz-Plus  aHuman bodyvJuvenile Fiction aFlapsvJuvenile Fiction aKatz, KarreneIllustrator